000
00284nam a2200109Ia 4500
008
200302s9999 xx 000 0 und d
100
_a
Volkwin Marg
245
_a
From Cape Town to Brasilia New Stadiums By Gmp
260
_b
Prestel Publishing Ltd.
260
_c
2010
300
_a
305 P.,
999
_c
2815
_d
2815